|
|
|
|
| LEADER |
00000nam0a2200000 4500 |
| 001 |
292473 |
| 005 |
20231102000510.0 |
| 020 |
|
|
|a RU
|b 83-94976
|
| 035 |
|
|
|a (RuTPU)RU\TPU\book\317105
|
| 090 |
|
|
|a 292473
|
| 100 |
|
|
|a 20150423d1983 k y0rusy5003 ca
|
| 101 |
0 |
|
|a rus
|
| 102 |
|
|
|a RU
|
| 105 |
|
|
|a a z 001zy
|
| 200 |
1 |
|
|a Современные методы и средства измерений и передачи размера единицы силы
|e сборник научных трудов
|f СССР, Государственный комитет по стандартам (Госстандарт) ; Всесоюзный научно-исследовательский институт метрологии им. Д. И. Менделеева (ВНИИМ) ; под ред. Н. С. Чаленко
|
| 210 |
|
|
|a Ленинград
|c [Б. и.]
|d 1983
|
| 215 |
|
|
|a 82 с.
|c ил.
|d 21 см
|
| 606 |
1 |
|
|a Динамометры
|2 stltpush
|3 (RuTPU)RU\TPU\subj\9540
|9 36768
|
| 610 |
1 |
|
|a преобразователи силы
|
| 610 |
1 |
|
|a оптимальные параметры
|
| 610 |
1 |
|
|a сила
|
| 610 |
1 |
|
|a измерение
|
| 610 |
1 |
|
|a погрешности
|
| 610 |
1 |
|
|a силоизмерительные приборы
|
| 610 |
1 |
|
|a градуировка
|
| 675 |
|
|
|a 531.7
|z rus
|v 4
|
| 702 |
|
1 |
|a Чаленко
|b Н. С.
|4 340
|
| 712 |
0 |
1 |
|a СССР
|b Государственный комитет по стандартам (Госстандарт)
|c (1978-1989)
|2 stltpush
|3 (RuTPU)RU\TPU\col\12454
|
| 712 |
0 |
2 |
|a Всесоюзный научно-исследовательский институт метрологии им. Д. И. Менделеева (ВНИИМ)
|c (Ленинград)
|2 stltpush
|3 (RuTPU)RU\TPU\col\12882
|
| 801 |
|
0 |
|a RU
|b RuMRKP
|c 19950704
|g psbo
|
| 801 |
|
1 |
|a RU
|b 63413507
|c 20150423
|
| 801 |
|
2 |
|a RU
|b 63413507
|c 20190325
|g RCR
|
| 942 |
|
|
|c BK
|